| 000 | 00585nam a2200181 i 4500 | ||
|---|---|---|---|
| 001 | 99619 | ||
| 003 | ES-MaACL | ||
| 005 | 20240516063036.0 | ||
| 007 | t| | ||
| 008 | 050914s1978 sp ||||1| spa d | ||
| 100 | 0 |
_aMartínez Baigorri, Ángel, _d1899-1971 _977879 |
|
| 245 | 1 | 0 |
_aAngel poseído / _cAngel Martínez Baigorri; introducción, selección y notas Juan Bautista Bertrán, S.J. |
| 250 | _a[1ª ed.]. | ||
| 260 |
_aBarcelona : _bEdiciones 29, _c1978. |
||
| 300 |
_a478 p., 8 lám. ; _c20 cm. |
||
| 852 |
_aES-MaACL _jA-9320 _bR.98337 |
||
| 999 |
_c99619 _d99619 |
||